Žilina Ulica J. Fučíka : Hotel Slovakia : Námestie SNP

Zobrazenie: Tri čiastkové pohľady, každý v bielom orámovaní, každý aj v striebornom orámovaní. Pohľad na "Farské schody", plné ľudí, vpravo je rad obchodov, vľavo vidno časť balustrád. Pohľad zhora na Hotel Slovakia, vpravo pred ním je trávnatá plocha s rôznymi stromami. Pohľad z výšky na...

Full description

Bibliographic Details
Other Authors: Zemiar, Bohuslav, 1952- (Photographer), Tichý, Dušan (Photographer)
Format: Photo
Language:Slovak
PhysicalDescription:1 pohľadnica (3 čiastkové pohľady) farebná 11 x 15 cm
Published: Bratislava ČSTK-Pressfoto 1989
Subjects:

MARC

LEADER 00000ckm a2200000 a 4500
001 vtls001206552
003 SK-MaSNL
005 20260331203125.0
007 kf co
008 231121s1989 xo g 0kuslo
015 |a SNBG1989 
035 |a SNK000149622 
035 |a urn:nbn:sk:snk-km45vbh 
035 |a 619C67A4-AD83-454A-9760-124BB2EA7930 
035 |a urn:nbn:sk:snk-km00fb3p 
040 |a SNK  |b slo  |c SNK  |e AACR2 
041 0 |a slo 
043 |a e-xo--- 
044 |a xo  |c SK 
072 7 |a 913  |x Regionálna geografia  |2 konspekt 
080 |a 913(437.6)  |2 2011 
080 |a 792.05  |2 2011 
080 |a 726:27-523.41  |2 2011 
080 |a 725.962  |2 2011 
080 |a 725/726.012.28  |2 2011 
080 |a 725  |2 2011 
080 |a 712.253  |2 2011 
080 |a 711.61  |2 2011 
080 |a 692.6  |2 2011 
080 |a 640.412  |2 2011 
080 |a (084.121)  |2 2011 
100 1 |a Zemiar, Bohuslav,  |d 1952-  |4 pht  |9 47876 
245 1 0 |a Žilina  |h grafika  |b Ulica J. Fučíka : Hotel Slovakia : Námestie SNP  |c foto: B. Zemiar, D. Tichý ; výtvarný návrh: J. Býma 
246 1 |i Názov na obrazovej časti:  |a Žilina 
260 |a Bratislava  |b ČSTK-Pressfoto  |c 1989  |e Skalica  |f Grafobal 
300 |a 1 pohľadnica (3 čiastkové pohľady)  |b farebná  |c 11 x 15 cm 
520 8 |a Zobrazenie: Tri čiastkové pohľady, každý v bielom orámovaní, každý aj v striebornom orámovaní. Pohľad na "Farské schody", plné ľudí, vpravo je rad obchodov, vľavo vidno časť balustrád. Pohľad zhora na Hotel Slovakia, vpravo pred ním je trávnatá plocha s rôznymi stromami. Pohľad z výšky na Námestie Andreja Hlinku, vpravo vidno vrcholky listnatých stromov z parku Sad SNP. Stredom vedie ulica námestia, vľavo sú ďalšie stromy a v popredí pouličná lampa. V pozadí vidno za balustrádami Katedrálu Najsvätejšej Trojcie, vľavo s Burianovou vežou. Vľavo od nich je vidno Mestské divadlo, vpravo sú "Farské schody" 
600 1 7 |a Hlinka, Andrej,  |d 1864-1938  |2 SNKMA  |9 103031 
610 2 7 |a Hotel Slovakia (Žilina, Slovensko)  |2 SNKKA  |9 312774 
610 2 7 |a Katedrála Najsvätejšej Trojice (Žilina, Slovensko)  |2 SNKKA  |9 198612 
610 2 7 |a Mestské divadlo Žilina  |2 SNKKA  |9 31960 
650 0 7 |a schody  |2 SNKPH  |9 22726 
650 0 7 |a obchody  |2 SNKPH  |9 3004 
650 0 7 |a hotely  |2 SNKPH  |9 18422 
650 0 7 |a námestia  |2 SNKPH  |9 26291 
650 0 7 |a parky  |2 SNKPH  |9 2942 
650 0 7 |a balustrády  |2 SNKPH  |9 197792 
650 0 7 |a katedrály  |2 SNKPH  |9 3032 
650 0 7 |a veže  |2 SNKPH  |9 30797 
650 0 7 |a divadlá  |2 SNKPH  |9 29113 
650 0 7 |a Burianova veža (Žilina, Slovensko)  |2 SNKPH  |9 157561 
651 7 |a Žilina (Slovensko)  |2 SNKPHgeo  |9 28812 
651 7 |a Námestie Andreja Hlinku (Žilina, Slovensko)  |2 SNKPHgeo  |9 194216 
655 7 |a miestne pohľadnice  |2 SNKPH  |9 70510 
700 1 |a Tichý, Dušan  |4 pht  |9 231892 
700 1 |a Býma, Jozef  |4 art  |9 283296 
852 |a Slovenská národná knižnica 
958 |a GBN 
958 |a GC 
958 |a OND 
958 |a EUIPO 
999 |c 610313  |d 612243 
952 |a SNK  |b SNK  |y PREZ  |7 0  |p 17A1281987  |o snkSP 142658  |i snk2803/90  |0 0  |1 0  |4 0  |d 2020-09-10  |f 1  |l 0  |r 2026-02-23 16:21:17  |w 2026-02-23 
952 |a SNK  |b SNK  |y PREZ  |7 0  |p 17A1281986  |o snkSP 142658 D1  |i snk2804/90  |0 0  |1 0  |4 0  |d 2020-09-10  |l 0  |r 2026-02-23 16:21:17  |w 2026-02-23